Countries in 2 continents - Statistics

General Stats
  • This quiz has been taken 51 times
  • The average score is 10 of 13
Answer Stats
Hint Answer % Correct
Eurasia Russia
95%
Africa+Asia Egypt
89%
Asia+Oceania Indonesia
89%
Eurasia Turkey
89%
Europe+SA+NA+Oceania UK
89%
Europe+SA+NA+Oceania France
86%
Africa+Europe Spain
84%
Eurasia Armenia
68%
Eurasia Azerbaijan
66%
Eurasia Georgia
66%
Europe+NA+SA Netherlands
66%
Eurasia Cyprus
61%
Asia+Oceania East Timor
52%
No matching quizzes found
Score Distribution
Percent of People with Each Score
Percentile by Number Answered
Your Score History
You have not taken this quiz